Institut de Formació Política per a Dones : programa d'ensenyaments 2010 programa d'ensenyaments 2010
Publicado:
Barcelona :
Diputació de Barcelona. Àrea d'Igualtat i Ciutadania. Oficina de Promoció de Polítiques d'Igualtat Dona-Home ,
2010
Descripción Física:
22 p. ; 21 cm
MARC
| LEADER | 00000nam a2200000Ia 4500 | ||
|---|---|---|---|
| 001 | 22524 | ||
| 008 | 160829s2010 xx 000 0 cat d | ||
| 080 | |a FU-56-11 | ||
| 245 | |a Institut de Formació Política per a Dones : |b programa d'ensenyaments 2010 | ||
| 260 | |a Barcelona : |b Diputació de Barcelona. Àrea d'Igualtat i Ciutadania. Oficina de Promoció de Polítiques d'Igualtat Dona-Home, |c 2010 | ||
| 300 | |a 22 p. ; |c 21 cm | ||
| 610 | 2 | 0 | |a Institut de Formació Política per a Dones (Barcelona, Catalunya) |9 55989 |
| 650 | |a Dones en la política |x Formació |9 45206 | ||
| 710 | 1 | |a Barcelona (Catalunya : Província). |b Oficina de Promoció de Polítiques d'Igualtat Dona-Home |9 54960 | |
| 710 | 2 | |a Institut de Formació Política per a Dones (Barcelona, Catalunya) |9 55989 | |
| 901 | |a Arxiu | ||
| 942 | |n 1 | ||
| 952 | |0 0 |1 0 |4 0 |7 1 |9 52436 |a Arxiu |b Arxiu |d 2023-04-13 |h 2010 |o FU-56-11 |p 22524 |r 2016-12-01 00:00:00 |w 2016-12-01 |y ARXIU | ||
| 999 | |c 56284 |d 56284 | ||